Η ελευθερία και η ευθύνη σε σχέση προς την αγωγή των παιδιών στο σχολείο

Αποθηκεύτηκε σε:
Λεπτομέρειες βιβλιογραφικής εγγραφής
Κύριος συγγραφέας: Παναγιώτου, Ζήσης Δ.
Μορφή: Βιβλίο
Γλώσσα:Greek
Δημοσίευση: Θεσσαλονίκη : [χ.ό.], 1980.
Θέματα:
Ετικέτες: Προσθήκη ετικέτας
Δεν υπάρχουν, Καταχωρήστε ετικέτα πρώτοι!

MARC

LEADER 00000cam a2200000 a 4500
001 1/117092
008 180822s1980####gr | ||| |||| ||gre||
040 |a GR-MyUa  |b gre  |c GR-MyUa  |e AACR2 
041 0 |a gre 
082 7 |a 370.115   |2 (23) 
100 1 |a Παναγιώτου, Ζήσης Δ. 
245 1 2 |a Η ελευθερία και η ευθύνη σε σχέση προς την αγωγή των παιδιών στο σχολείο /   |c Ζήση Δ. Παναγιώτου. 
260 |a Θεσσαλονίκη :   |b [χ.ό.],   |c 1980.  
300 |a 19 σ. ;   |c 24 εκ.  
500 |a Η διάλεξη αυτή πραγματοποιήθηκε στην Αλεξανδρούπολη και στη Σιάτιστα, στα πλαίσια του εορτασμού του Διεθνούς Έτους Παιδιού.  
504 |a Βιβλιογραφία: σ. 19.  
504 |a Περιλαμβάνει βιβλιογραφικές παραπομπές.  
650 0 |a Education  |x Social aspects  |z Greece. 
650 0 |a Lectures and lecturing. 
852 |a INST  |b RHODES  |c AKA  |e 20180822  |h 370.115 ΠΑΝ  |p 005400040160  |q 005400040160  |t BK  |y 0 
852 |a INST  |b RHODES  |c AKA  |e 20180822  |h 370.115 ΠΑΝ  |p 005400040189  |q 005400040189  |t BK  |y 0 
852 |a INST  |b RHODES  |c AKA  |e 20180822  |h 370.115 ΠΑΝ  |p 005400040190  |q 005400040190  |t BK  |y 0 
852 |a INST  |b RHODES  |c AKA  |e 20180822  |h 370.115 ΠΑΝ  |p 005400040191  |q 005400040191  |t BK  |y 0 
970 |a Κωτάκου  |b Μαρία  |z 22-08-2018